Harry Potter: la Pierre Philosophale - Statistiques

Statistiques générales
  • Ce quiz a été pris 127 fois
  • Le résultat moyen est 13 sur 20
Statistiques - réponses
Information Réponse % Correct
Première apparition Harry Potter à l'école des sorciers
89%
Createur Nicolas Flamel
86%
Derniere apparition Harry Potter et les Reliques de la Mort
82%
Personne qui a imaginé cette épreuve Albus Dumbledore
77%
Personne qui a imaginé cette épreuve Minerva McGonagall
77%
Personne qui a imaginé cette épreuve Severus Rogue
77%
Quatrième protection Echecs version sorciers géant
74%
Personne qui a imaginé cette épreuve Rubeus Hagrid
71%
Personne qui a imaginé cette épreuve Pomona Chourave
68%
Première protection Touffu
67%
Sixième protection Potions
65%
Utilisation de la potion Etre immortel
61%
Personne qui a imaginé cette épreuve Filius Flitwick
61%
Deuxième protection Filet du Diable
56%
Septième protection Miroir du Rised
54%
Troisième protection Clés volantes
52%
Personne qui a imaginé cette épreuve Quirinus Quirrell
51%
Potion crée grâce à elle Elixir de longue vie
42%
Cinquième protection Troll des montagnes
34%
Utilisation Transformer n'importe quel métal en or
9%
Aucun quiz correspondant
Distribution des résultats
% des personnes avec chaque résultat
Percentile par nombre de réponses
Votre historique - résultats
Vous n’avez pas pris ce quiz